000 00563nam a22001937a 4500
003 OSt
005 20210426100324.0
008 201229s1932 ||||| |||| 00| 0 eng d
040 _aeng
_beng
_cDLC
041 _aeng
080 _a61
_bF-54
100 _9650
_aLowell, Lawrence A.
_eChairman
245 _aFinal Report of the Commission on Medical Education
_c/ by: Office of the Director of Study
260 _aNew York
_bOffice of the Director of Study
_c1932
300 _a560 p.
650 0 _969
_aMedicine
653 _aმედიცინა
942 _2udc
_cBK
999 _c884
_d884